| 000 | 02227nam a22005057a 4500 | ||
|---|---|---|---|
| 003 | CHAP | ||
| 005 | 20220329140522.0 | ||
| 008 | 971013s1944 r 00010 d | ||
| 010 | _a53234 | ||
| 011 | _a54206 | ||
| 035 | _a58357 | ||
| 040 | _cCHAP | ||
| 082 |
_a581.5 _bW43Y |
||
| 100 | 0 | 0 |
_aWeaver, John E. _9121254 |
| 245 | _aEcología vegetal | ||
| 250 | _a2 ed. | ||
| 260 |
_aBuenos Aires : _bACME, _c1944 |
||
| 300 |
_a667 p. _b: ilus. |
||
| 590 |
_aBATCH-UPD _b10 _c20130110 _lUCH01 _h0330 |
||
| 590 |
_aBATCH-UPD _b10 _c20130110 _lUCH01 _h2001 |
||
| 590 |
_aBATCH-UPD _b10 _c20130410 _lUCH01 _h0003 |
||
| 590 |
_aBATCH-UPD _b10 _c20130914 _lUCH01 _h0948 |
||
| 590 |
_aCONVERSION _b10 _c20130109 _lUCH01 _h1329 |
||
| 650 | 1 | 4 |
_aEcología vegetal. _935188 |
| 700 | 0 |
_aClements, Frederic Edward. _923776 |
|
| 901 | _aBK | ||
| 942 | _cLIBRO | ||
| 949 |
_a581.5 W43Y _bBC _cLIBRO _d33724000541116 _eLIBRO _fc.17 _h9561 _i58357 _si |
||
| 949 |
_a581.5 W43Y _bBC _cLIBRO _d33724000541132 _eLIBRO _fc.14 _h9558 _i58357 _si |
||
| 949 |
_a581.5 W43Y _bBC _cLIBRO _d33724000541140 _eLIBRO _fc.13 _h9557 _i58357 _si |
||
| 949 |
_a581.5 W43Y _bBC _cLIBRO _d33724000541157 _eLIBRO _fc.12 _h9556 _i58357 _si |
||
| 949 |
_a581.5 W43Y _bBC _cLIBRO _d33724000541165 _eLIBRO _fc.15 _h9559 _i58357 _si |
||
| 949 |
_a581.5 W43Y _bBC _cLIBRO _d33724000541181 _eLIBRO _fc.9 _h9553 _i58357 _si |
||
| 949 |
_a581.5 W43Y _bBC _cLIBRO _d33724000541199 _eLIBRO _fc.8 _h6552 _i58357 _si |
||
| 949 |
_a581.5 W43Y _bBC _cLIBRO _d33724000541207 _eLIBRO _fc.7 _h9551 _i58357 _si |
||
| 949 |
_a581.5 W43Y _bBC _cLIBRO _d33724000541215 _eLIBRO _fc.5 _h9549 _i58357 _si |
||
| 949 |
_a581.5 W43Y _bBC _cLIBRO _d33724000541231 _eLIBRO _h9546 _i58357 _si |
||
| 949 |
_a581.5 W43Y _bBC _cLIBRO _d33724000678462 _eLIBRO _fc.6 _h9550 _i58357 _si |
||
| 949 |
_a581.5 W43Y _bBC _cLIBRO _d33724000905840 _eLIBRO _fc.4 _h9548 _i58357 _si |
||
| 949 |
_a581.5 W43Y _bBC _cLIBRO _d33724000987368 _eLIBRO _fc.16 _h9560 _i58357 _si |
||
| 949 |
_a581.5 W43Y _bBC _cLIBRO _d33724002009743 _eLIBRO _fc.10 _h9554 _i58357 _si |
||
| 949 |
_a581.5 W43Y _bBC _cLIBRO _d33724002021462 _eLIBRO _fc.19 _h9563 _i58357 _si |
||
| 949 |
_a581.5 W43Y _bBC _cLIBRO _d33724002021545 _eLIBRO _fc.18 _h9562 _i58357 _si |
||
| 949 |
_a581.5 W43Y _bBC _cMUT _d-126677 _eMUT _fc.2 _h9547 _i58357 _si |
||
| 999 |
_c53234 _d53234 |
||